|
|
|
|
| LEADER |
00000nab a2200000 a 4500 |
| 001 |
vtls000401428 |
| 003 |
SK-MaSNL |
| 005 |
20260303172322.0 |
| 008 |
120924c1990 xo 0 slo |
| 015 |
|
|
|a SNBRB19rr/mm-uuuuu
|
| 035 |
|
|
|a CL0401552
|
| 040 |
|
|
|a SNKBUCL
|b slo
|c SNKBUCL
|e AACR2
|
| 041 |
0 |
|
|a slo
|
| 044 |
|
|
|a xo
|c SK
|
| 080 |
|
|
|a 796.323.093.1(437)
|2 1981
|
| 245 |
0 |
0 |
|a Z Európy na rodnú palubovku
|b Basketbalová liga mužov - 11. a 12. kolo ; Jaroslav Jelínek, Vladimír Ľach, Petr Dufek, Petr Kolář, Luboš Polcar, Ilona Kolářová
|
| 650 |
0 |
7 |
|a basketbal
|2 snkbucl
|9 3290
|
| 655 |
|
7 |
|a články z novín a časopisov
|2 snkbucl
|9 267496
|
| 700 |
1 |
|
|a Jelínek, Jaroslav
|c (športový redaktor)
|4 aut
|9 181781
|
| 700 |
1 |
|
|a Ľach, Vladimír,
|d 1949-2019
|4 aut
|9 229697
|
| 700 |
1 |
|
|a Dufek, Petr,
|d 1957-
|4 aut
|9 48156
|
| 700 |
1 |
|
|a Kolář, Petr
|4 aut
|9 659106
|
| 700 |
1 |
|
|a Polcar, Luboš
|4 aut
|9 937289
|
| 700 |
1 |
|
|a Kolářová, Ilona
|4 aut
|9 943659
|
| 773 |
0 |
|
|t Šport
|g Roč. 44, č. 295 (17. 12. 1990), s. 4
|
| 850 |
|
|
|a Slovenská národná knižnica v Martine
|a MTA001
|
| 852 |
|
|
|a SNK
|b KIS3GCP
|
| 958 |
|
|
|a RK
|
| 992 |
|
|
|a RBX
|
| 999 |
|
|
|c 2085921
|d 2087851
|